| 000 | 02448njm a2200373 c 4500 | ||
|---|---|---|---|
| 001 | |||
| 003 | DO-SdBNP | ||
| 005 | 20240319134703.0 | ||
| 008 | 160127s2013 mx d spa | ||
| 015 | _a | ||
| 017 |
_a _b |
||
| 020 | _a9786071616456 | ||
| 035 | _a | ||
| 040 |
_aBPMSU _bspa _cBPMSU _e |
||
| 082 | 4 |
_a320.972 _bL561e 2013 _222 |
|
| 084 |
_a _2 |
||
| 100 | 1 |
_aLempériére, Annick. _d _4 |
|
| 240 | 1 | 0 |
_a _n _r |
| 245 | 1 | 0 |
_a Entre Dios y el rey : _b la república, la ciudad de México de los siglos XVI al XIX / _c Annick Lempériére ; traducción Hernández Pérez Vertti |
| 260 |
_aMéxico : _bFondo de Cultura Econonómica, _c2013 |
||
| 300 |
_a395 p. ; _c23 cm. _b _e |
||
| 490 | 0 | _aSección de obras de historia | |
| 500 | _a Incluye bibliografías e índice. | ||
| 504 | _a | ||
| 520 | _aMéxico ejerció un atractivo singular, hecho de fascinación y terror, sobre varios escritores anglosajones notables del siglo XX. Pero sólo en Malcolm Lowry la mezcla de la vida y la obra alcanza abismos en verdad infernales, volcánicos, como hay tantos en la geografía mexicana. Los devotos lectores de Bajo el volcán (1947) -sin exageración, una de las cumbres literarias del siglo XX- supieron siempre que aquella novela magistral escondía claves personales que pedían una biografía definitiva que las revelara. Nadie mejor que Gordon Bowker para escribirla. Biógrafo de Orwell y Durrell y compilador editorial de Lowry, Bowker explora con detalle acucioso, a partir de fuentes y testimonios hasta ahora desconocidos, y con una sensibilidad a un tiempo cuidadosa y descarnada, el laberinto existencial de Lowry: el insensato suicidio al que orilló a un amigo de la juventud y la estela de culpa; el alcoholismo agresivo; sus dos matrimonios; la pérdida de sus manuscritos; el incendio de su casa; su tránsito por ciudades, prisiones, cantinas y sanatorios; su torturada relación con médicos, editores, familiares, doctores; su misteriosa muerte. | ||
| 534 |
_pTítulo original : _tEntre Dieu et le roi, la République : Mexico, XVIe-XIXe siècles |
||
| 590 | _aInventariado, 2024/VM | ||
| 650 | 4 |
_aPolítica _xHistoria _ySiglos XVI-XIX _zMéxico |
|
| 651 | 4 |
_a México _xPolítica y gobierno _y Siglos XVI-XIX |
|
| 700 | 1 |
_a Hernández Vertti, Ivette _etr. _d _t _m _n _r |
|
| 710 | 2 | _aFondo de Cultura Económica (México) | |
| 910 | _aVMateo V. Control de calidad. BPMSU | ||
| 942 |
_2ddc _cBK |
||
| 999 |
_c14603 _d14603 |
||